000
00268nam a2200109Ia 4500
008
230907s9999||||xx |||||||||||||| ||und||
082
_a
306.2
_b
CUL
245
0
_a
Culture and politics :
260
_a
Berghahn Books,
_b
New York :
_c
2004
300
_a
141 p.
942
_c
BK
999
_c
600050
_d
600050